000 00597nam a2200169 a 4500
008 120416s1990 ||||||||||||||||| || u
020 _a0412341905
050 _aTK 7876 Car
100 _aCarter, R.G
245 1 0 _aElectromagnetic waves: microwave components and devices
260 _aLondon:
_bChapman and Hall
_c1990
300 _axii, 331p. : ill
350 _a0.00
650 _aMICROWAVE DEVICES
650 _aELECTROMAGNETIC WAVES
995 _D0.00
_FCBU-MAIN LIBRARY (Kitwe)
_H1
_I17.95
_UAVAILABLE
_ZMain Library Open Access Collection
999 _c41510
_d41510